000 00496nam a2200205 a 4500
001 BRCA_7413
005 20190320205827.0
008 230313s1924----gw-a######---#000-0#ger-#
041 _ager
044 _agw
050 4 _aPT2603
_b.B87 1924
100 1 _aBusch, Wilhelm
_918280
245 1 0 _aHerr und Frau Knopp
_cWilhelm Busch.
260 _aMunich
_bB. P. Muller
_cc1924
300 _a72 p.
_bil.
500 _aQ148
650 1 4 _aLiteratura Alemana
_96160
902 _aGFM
942 _2lcc
_cB
999 _c7089
_d7089